10 - 11 ශ්‍රේණි සිංහල සාහිත්‍ය සංග්‍රහය විචාර ධාරා /

Saved in:
Bibliographic Details
Main Author: කොඩිකාර, රත්න
Format: Book
Language:English
Sinhalese
Published: නුගේගොඩ : සරසවි , 2016.
Edition:6 - මුද්‍රණය
Tags: Add Tag
No Tags, Be the first to tag this record!

MARC

LEADER 00000nam a22000007a 4500
003 LK-ApPL
005 20260408104846.0
008 260408b |||||||| |||| 00| 0 eng d
020 |a 9789553104076 
040 |a LK-ApPL  |b sin  |d LK-ApPL 
041 |a sin 
082 |2 23  |a 891.48  |b කොඩිකා  
100 |a කොඩිකාර, රත්න 
245 |a 10 - 11 ශ්‍රේණි සිංහල සාහිත්‍ය සංග්‍රහය විචාර ධාරා /   |c  කොඩිකාර, රත්න 
250 |a 6 - මුද්‍රණය  
260 |a නුගේගොඩ :  |b සරසවි ,  |c 2016. 
300 |a පි. 426 :  |c සෙ.මි.21 
942 |c LBK 
999 |c 24336  |d 24336